Statistiques concernant Trouve les paroles - Allo Maman Bobo - Alain Souchon

Cliquez ici pour prendre le quiz!

Statistiques générales

  • Ce quiz a été pris 73 fois
  • Le résultat moyen est 173 sur 238

Statistiques - réponses

Réponse% Correct
à
98%
ma
98%
allô
96%
Allô
96%
maman
96%
bobo
95%
je
93%
pas
93%
tu
91%
fait
88%
beau
86%
comment
86%
m'as
86%
de
84%
j'suis
84%
le
84%
la
82%
un
82%
et
79%
mal
79%
une
79%
dans
77%
en
77%
fer
75%
des
74%
peu
74%
tête
74%
ville
74%
tout
72%
trop
72%
y'a
72%
boîte
70%
campagne
70%
chemin
70%
faire
70%
fragile
70%
marche
70%
rien
70%
long
68%
petite
68%
peut-être
68%
p'tit
68%
d'la
67%
ligne
67%
seul
67%
les
65%
au
63%
du
63%
d'affaire
60%
j'ai
60%
coups
58%
mon
58%
d'pied
56%
j'donne
56%
que
56%
avec
54%
coeur
54%
vomi
51%
heures
49%
quatre
49%
scène
49%
fais
47%
rêveur
47%
nuit
44%
traîne
42%
j'me
40%
music-hall
40%
belle
39%
dur
39%
fête
39%
maintenant
39%
moi
39%
Peggy
39%
qu'ont
39%
saloon
39%
bol
37%
gens
37%
homme
37%
chapeau
35%
clown
35%
étoiles
35%
folles
33%
fumée
33%
nuits
33%
retrouve
33%
révolver
33%
voile
30%
port
26%
sorties
26%
chevaux
25%
voulais
25%
barrer
23%

Distribution des résultats

Percentile par nombre de réponses

% des personnes avec chaque résultat

Votre développement - résultats

Vous n’avez pas pris ce quiz